| 000 | 02139nam a2200217Ia 4500 | ||
|---|---|---|---|
| 008 | 220216s9999 xx 000 0 und d | ||
| 100 | _aNoguchi S | ||
| 245 | 0 | _aDepth and physical properties of soil in a forest and a rubber plantation in Peninsular Malaysia | |
| 260 |
_bJournal of Tropical Forest Science _c2003 |
||
| 300 | _a513-530 | ||
| 520 | _aSoil depth and soil physical properties were investigated in a tropical rain forest and a rubber plantation in Peninsular Malaysia. For the forested site, thickness of surface soil layer (A and B horizons) and total soil depth ranged from 52 to 160 cm and from 118 to 640 cm respectively. The corresponding values for riser bank in the rubber plantation ranged from 42 to 121 cm and from 106 to 162 cm respectively. Total soil depth at the terrace bench in the rubber plantation was shallower (mean: 119 cm) than at the riser bank. The saturated hydraulic conductivity (Ks) in the forested site and plantation site ranged from 6.40 x 10-6 to 7.51 x 10 -4 m s -1 and from 1.79 x 10 -6 to 5.68 x 10 -4 m s -1 respectively. The Ks values in the forested site were larger (10 cm: 1466 mm h -1, 80 cm: 169 mm h -1) than the prevailing rainfall intensity in this region. Although the average Ks values at the riser bank in the rubber plantation were similar to those in the forested site, the average Ks values at the terrace bench in the rubber plantation were smaller (10 cm : 68 mm h -1, 40 cm: 29 mm h -1). The macro- and mesoporosity of the soil also decreased with increasing soil depth. The soil porosities were in the following order of magnitude: forest > riser bank > terrace bench. These hydrological parameters (soil depth, Ks value and porosity) between the forested and rubber plantation sites enable us to understand the difference of function for water conservation concerning land-use classification. | ||
| 650 | _aSaturated hydraulic conductivity | ||
| 650 | _aSoil depth | ||
| 650 | _aSoil water retention | ||
| 650 | _aWater conservation | ||
| 700 | _aBaharuddin Kasran | ||
| 700 | _aTani M | ||
| 700 | _aTsuboyama Y | ||
| 700 | _aZulkifli Yusop | ||
| 942 | _cJS | ||
| 999 |
_c56815 _d56815 |
||